Alcune osservazioni sulla tipologia dei neologismi italiani con particolare attenzione all'influenza dei forestierismi
Slovotvorba talianského jazyka. Životnosť neologizmov. Moderné spôsoby slovotvorby - cudzojazyčné výpožičky alebo ich kalky.
Gespeichert in:
| 1. Verfasser: | |
|---|---|
| Format: | Buchkapitel |
| Sprache: | Italienisch |
| Schlagworte: | |
| Tags: |
Keine Tags, Fügen Sie das erste Tag hinzu!
|
MARC
| LEADER | 00000naa$a2200000$$$4500 | ||
|---|---|---|---|
| 001 | 0112157 | ||
| 005 | 20240502083258.7 | ||
| 041 | 0 | |a ita | |
| 044 | |a CZ | ||
| 245 | 1 | 0 | |a Alcune osservazioni sulla tipologia dei neologismi italiani con particolare attenzione all'influenza dei forestierismi |c Roman Sehnal |
| 520 | |a Slovotvorba talianského jazyka. Životnosť neologizmov. Moderné spôsoby slovotvorby - cudzojazyčné výpožičky alebo ich kalky. | ||
| 610 | 2 | 0 | |a jazyky cudzie |
| 610 | 2 | 0 | |a taliančina |
| 610 | 2 | 0 | |a jazykoveda |
| 100 | 1 | |a Sehnal, Roman | |